| 000 | 00382nam a2200133Ia 4500 | ||
|---|---|---|---|
| 005 | 20251222141917.0 | ||
| 008 | 251222s9999||||xx |||||||||||||| ||spa|| | ||
| 020 | _a82-89-293 | ||
| 082 | _a657.904.2/G69 | ||
| 100 | _aGonzález Izquierdo, Jorge | ||
| 245 | 0 | _aContabilidad, Finanzas y Economía para Pequeñas y Medianas Empresas | |
| 264 | _bUniversidad del Pacífico | ||
| 942 | _cLIB | ||
| 999 |
_c8580 _d8580 |
||